| 000 | 00378nam a22001337a 4500 | ||
|---|---|---|---|
| 082 |
_a891.439 _bINS |
||
| 245 |
_aUrdu Ki Akhri Kitab/ _bBy/Ibn e Insha |
||
| 260 |
_aلاہور: _bلاہور اکیڈمی, _c2003. |
||
| 300 | _a176p. ; | ||
| 563 | _aHB | ||
| 880 |
_6100-01\(3\r _aابنِ انشاء |
||
| 880 |
_6245-02\(3\r _aاردو کی آخری کتاب |
||
| 942 |
_2ddc _cFIC |
||
| 999 |
_c614632 _d614632 |
||